| 000 | 00873cab a2200277 4500 | ||
|---|---|---|---|
| 001 | ABS45755 | ||
| 008 | 090401t1991 xxu||||| |||| 00| 0 eng d | ||
| 035 | _a(Sirsi) u54910 | ||
| 041 | _aeng | ||
| 100 | _aSimpson, T. | ||
| 245 | 4 | _aThe nature and extent of mineral workings in England | |
| 260 | _c1991 | ||
| 350 | _a0 | ||
| 490 |
_aMineral Planning _v(49) December 1991, 3-7(5) |
||
| 520 | _aSummarises the main findings on the number of mineral workings, their type and location from the "Survey of land for mineral working in England 1988", which was published this year. | ||
| 650 | _aAONB | ||
| 650 | _aDERELICT LAND GRANT | ||
| 650 | _aDOE | ||
| 650 | _aLAND RECLAMATION | ||
| 650 | _aNATIONAL PARKS | ||
| 650 | _aSURFACE MINERAL WORKINGS | ||
| 650 | _aUNDERGROUND MINING | ||
| 690 | _aMINING AND MINERALS | ||
| 942 | _n0 | ||
| 948 | _c04/03/1997 | ||
| 999 |
_c33631 _d33631 |
||